|
|
|
|
| LEADER |
00000nab a2200000 a 4500 |
| 001 |
vtls010725044 |
| 003 |
SK-MaSNL |
| 005 |
20260304194446.0 |
| 008 |
250709s2003 xo |||||||||||||||||slo| |
| 035 |
|
|
|a (urnnbn)urn:nbn:sk:snk:ar-a04wgy
|
| 035 |
|
|
|a (uuid)a9060b7d-3be7-463c-b9b7-f7e381f1d34f
|
| 035 |
|
|
|a urn:nbn:sk:snk-ab3p23
|
| 040 |
|
|
|a SNKBUCL
|b slo
|c SNKBUCL
|e AACR2
|
| 041 |
0 |
|
|a slo
|
| 044 |
|
|
|a xo
|c SK
|
| 100 |
1 |
|
|a Mačura, Rastislav
|4 aut
|9 360150
|
| 245 |
1 |
0 |
|a Antonín Bečvář :
|b (10. 6. 1901 - 10. 1. 1965)
|c Rastislav Mačura
|
| 600 |
1 |
7 |
|a Bečvář, Antonín,
|d 1901-1965
|2 SNKMA
|9 38418
|
| 773 |
0 |
|
|t Kozmos : populárno-vedecký astronomický časopis
|g Roč. 34, č. 4 (2003), s. 11
|
| 850 |
|
|
|a Slovenská národná knižnica
|
| 852 |
|
|
|a Slovenská národná knižnica
|
| 954 |
|
|
|a odborná, vedecká literatúra pôvodná (slovenská)
|2 lita
|
| 958 |
|
|
|a article1
|
| 958 |
|
|
|a OND
|
| 958 |
|
|
|a EUIPO
|
| 999 |
|
|
|c 3074283
|d 3076213
|